[Event "Astana Zhuldyzdary op-A"]
[Site "Astana"]
[Date "2023.07.15"]
[Round "6"]
[White "Kvan, Andrey"]
[Black "Kaliakhmet, Elnaz"]
[Result "1-0"]
[WhiteElo "2228"]
[BlackElo "1818"]
[PlyCount "79"]
[EventDate "2023.07.11"]
[EventType "swiss"]
[EventRounds "10"]
[EventCountry "KAZ"]
[SourceTitle "CBM 215 Extra"]
[Source "ChessBase"]
[SourceDate "2023.09.30"]
[SourceVersion "1"]
[SourceVersionDate "2023.09.30"]
[SourceQuality "1"]

1. f4 d5 2. Nf3 c5 3. e3 Nf6 4. b3 g6 5. Bb2 Bg7 6. Be2 0-0 7. 0-0 Nc6 8. Ne5 Qc7 9. Bf3 Be6 10. Nxc6 Qxc6 11. d3 Ne8 12. Bxg7 Nxg7 13. Qe2 Qc7 14. g3 Rad8 15. Nd2 Bh3 16. Rfc1 e5 17. Qf2 Rfe8 18. e4 exf4 19. exd5 h5 20. Ne4 Qe5 21. Re1 Kh8 22. Nxc5 Qc7 23. c4 fxg3 24. hxg3 f5 25. b4 f4 26. Ne4 Rf8 27. d6 Rxd6 28. Nxd6 Qxd6 29. Qc5 Qf6 30. Qe5 Qb6+ 31. c5 Qxb4 32. Rab1 Qd2 33. Rxb7 Rg8 34. Rd1 Qxa2 35. Ra1 Qc2 36. Rxg7 Rxg7 37. Rxa7 Qc1+ 38. Kh2 fxg3+ 39. Kxh3 Qf1+ 40. Bg2 1-0

[Event "Astana Zhuldyzdary op-A"]
[Site "Astana"]
[Date "2023.07.14"]
[Round "5"]
[White "Kvan, Andrey"]
[Black "Novik, Maxim"]
[Result "1/2-1/2"]
[WhiteElo "2228"]
[BlackElo "2436"]
[PlyCount "115"]
[EventDate "2023.07.11"]
[EventType "swiss"]
[EventRounds "10"]
[EventCountry "KAZ"]
[SourceTitle "CBM 215 Extra"]
[Source "ChessBase"]
[SourceDate "2023.09.30"]
[SourceVersion "1"]
[SourceVersionDate "2023.09.30"]
[SourceQuality "1"]

1. Nf3 c5 2. g3 Nf6 3. Bg2 d5 4. 0-0 g6 5. d4 cxd4 6. Nxd4 Bg7 7. Nc3 0-0 8. Nb3 e6 9. e4 dxe4 10. Qe2 Nc6 11. Rd1 Qc7 12. h3 h6 13. Be3 b6 14. Qc4 Bb7 15. Nd4 Rfd8 16. Nxe4 Nd5 17. Nxc6 Bxc6 18. Bd4 e5 19. Bc3 Qb7 20. Be1 Rd7 21. Nc3 Rad8 22. Nxd5 Bxd5 23. Rxd5 Rxd5 24. Kf1 f5 25. Bxd5+ Qxd5 26. Qxd5+ Rxd5 27. c4 Rd7 28. Rc1 e4 29. Ke2 Bxb2 30. Rc2 Ba3 31. Bd2 h5 32. Be3 Kf7 33. Rc3 Be7 34. h4 Ke6 35. a4 Rc7 36. Rc1 Rd7 37. Ra1 Bb4 38. Rb1 Bd6 39. Rb5 Bc7 40. Rb1 Kd6 41. Rc1 Ke6 42. Rb1 Bd8 43. c5 bxc5 44. Bxc5 g5 45. hxg5 Bxg5 46. a5 Rd5 47. Bxa7 Rxa5 48. Bb8 h4 49. gxh4 Bxh4 50. Rb2 Ra3 51. Rc2 Bg5 52. Rc6+ Kf7 53. Kf1 Ra1+ 54. Kg2 f4 55. Rc2 Kg6 56. Kh3 Ra3+ 57. Kg4 Bh6 58. Bxf4 1/2-1/2

[Event "KAZ-ch"]
[Site "Almaty"]
[Date "2019.04.30"]
[Round "9"]
[White "Urazayev, Arystanbek"]
[Black "Kvan, Andrey"]
[Result "1/2-1/2"]
[WhiteElo "2446"]
[BlackElo "2286"]
[PlyCount "56"]
[EventDate "2019.04.21"]
[EventType "tourn"]
[EventRounds "11"]
[EventCountry "KAZ"]
[EventCategory "7"]
[SourceTitle "CBM 190 Extra"]
[Source "ChessBase"]
[SourceDate "2019.07.15"]
[SourceVersion "1"]
[SourceVersionDate "2019.07.15"]
[SourceQuality "1"]

1. e4 c6 2. d4 d5 3. exd5 cxd5 4. c4 Nf6 5. Nc3 e6 6. Nf3 Be7 7. cxd5 Nxd5 8. Bd3 Nc6 9. 0-0 Nxc3 10. bxc3 0-0 11. Qe2 Qa5 12. Bb2 Bf6 13. Rfd1 Qh5 14. c4 Ne7 15. Be4 Rb8 16. h3 b5 17. d5 Bxb2 18. Qxb2 Bb7 19. Qxb5 f5 20. d6 Bxe4 21. dxe7 Rxb5 22. exf8Q+ Kxf8 23. cxb5 Bxf3 24. gxf3 Ke7 25. Kg2 Qg5+ 26. Kf1 Qf4 27. Kg2 Qg5+ 28. Kf1 Qf4 1/2-1/2

[Event "KAZ-ch"]
[Site "Almaty"]
[Date "2019.04.27"]
[Round "6"]
[White "Kvan, Andrey"]
[Black "Ismagambetov, Anuar"]
[Result "0-1"]
[WhiteElo "2286"]
[BlackElo "2554"]
[PlyCount "64"]
[EventDate "2019.04.21"]
[EventType "tourn"]
[EventRounds "11"]
[EventCountry "KAZ"]
[EventCategory "7"]
[SourceTitle "CBM 190 Extra"]
[Source "ChessBase"]
[SourceDate "2019.07.15"]
[SourceVersion "1"]
[SourceVersionDate "2019.07.15"]
[SourceQuality "1"]

1. e4 c5 2. Nc3 Nc6 3. g3 g6 4. Bg2 Bg7 5. d3 e5 6. Be3 d6 7. Qd2 Nge7 8. Nge2 Nd4 9. h3 Bd7 10. Nd1 0-0 11. c3 Nxe2 12. Qxe2 f5 13. Bg5 f4 14. g4 h6 15. Bxe7 Qxe7 16. c4 f3 17. Bxf3 Bf6 18. Bg2 Bh4 19. Kd2 Rf7 20. f3 Rb8 21. Nc3 Qd8 22. Kc2 a6 23. Rhb1 Bc6 24. b3 Kg7 25. Rb2 b5 26. a3 Rfb7 27. Kc1 bxc4 28. dxc4 Rxb3 29. Rxb3 Rxb3 30. Qc2 Qb8 31. Rb1 Bg5+ 32. Kd1 Ba4 0-1

[Event "KAZ-ch"]
[Site "Almaty"]
[Date "2019.04.22"]
[Round "2"]
[White "Kvan, Andrey"]
[Black "Nogerbek, Kazybek"]
[Result "1-0"]
[WhiteElo "2286"]
[BlackElo "2341"]
[PlyCount "81"]
[EventDate "2019.04.21"]
[EventType "tourn"]
[EventRounds "11"]
[EventCountry "KAZ"]
[EventCategory "7"]
[SourceTitle "CBM 190 Extra"]
[Source "ChessBase"]
[SourceDate "2019.07.15"]
[SourceVersion "1"]
[SourceVersionDate "2019.07.15"]
[SourceQuality "1"]

1. Nf3 d5 2. c4 d4 3. b4 f6 4. e3 dxe3 5. fxe3 e5 6. Qb3 a5 7. b5 e4 8. Nd4 f5 9. Bb2 Nf6 10. Be2 Bc5 11. 0-0 g6 12. Kh1 0-0 13. Nc3 Qe7 14. Nd5 Nxd5 15. cxd5 Bd6 16. Ne6 Bxe6 17. dxe6 h5 18. a4 Kh7 19. Ba3 c5 20. g3 b6 21. Bc4 Ra7 22. d3 h4 23. Kg2 Qg5 24. dxe4 Bxg3 25. Ra2 Bd6+ 26. Kh1 fxe4 27. Rxf8 Bxf8 28. Rg2 Qf5 29. Qd1 Bh6 30. Qg4 Re7 31. Qxh4 g5 32. Qg3 Qf3 33. Qxf3 exf3 34. Rg3 Kg6 35. Bb2 g4 36. Be5 Re8 37. e4 Bg5 38. Rxg4 Kh5 39. Rg3 Rf8 40. Rxf3 Rxf3 41. Be2 1-0

[Event "Pavlodar op"]
[Site "Pavlodar"]
[Date "2016.11.28"]
[Round "9"]
[White "Kvan, Andrey"]
[Black "Matsenko, Andrei"]
[Result "0-1"]
[WhiteElo "2180"]
[BlackElo "2372"]
[PlyCount "110"]
[EventDate "2016.11.21"]
[EventType "swiss"]
[EventRounds "10"]
[EventCountry "KAZ"]
[SourceTitle "EXT 2018"]
[Source "ChessBase"]
[SourceDate "2017.10.13"]
[SourceVersion "1"]
[SourceVersionDate "2017.10.13"]
[SourceQuality "1"]

1. e4 c6 2. Nf3 d5 3. Nc3 Bg4 4. h3 Bxf3 5. Qxf3 e6 6. d3 Nd7 7. Bd2 Ngf6 8. g3 Qb6 9. Rb1 Bb4 10. Qe2 0-0-0 11. Bg2 d4 12. Nd1 Bxd2+ 13. Qxd2 Kb8 14. 0-0 e5 15. b4 c5 16. a3 cxb4 17. Rxb4 Qc6 18. f4 Rc8 19. Rf2 a5 20. Rb1 Qa6 21. a4 Rc5 22. c4 Ne8 23. h4 Nd6 24. Bh3 Qc6 25. Kh2 f6 26. Qa2 Re8 27. Qa3 Kc7 28. Rfb2 Nb8 29. fxe5 fxe5 30. Rf2 Na6 31. Nb2 Kb8 32. Rbf1 Qc7 33. Qb3 Ka7 34. Qd1 Qe7 35. Qh5 g6 36. Qg4 Rc7 37. Rf6 Nc5 38. Qe2 Nf5 39. R6xf5 gxf5 40. Bxf5 Rc6 41. Qd2 Ka6 42. Nd1 Rb6 43. Nf2 Nxa4 44. Qd1 Nc5 45. Qh5 a4 46. Ra1 Rb2 47. Kg1 Rg8 48. g4 Ka5 49. Nd1 Rb6 50. g5 h6 51. g6 Rbxg6+ 52. Bxg6 Qf6 53. Nf2 Qxg6+ 54. Qxg6 Rxg6+ 55. Kf1 Kb4 0-1

[Event "Pavlodar op"]
[Site "Pavlodar"]
[Date "2016.11.25"]
[Round "6"]
[White "Kvan, Andrey"]
[Black "Kuderinov, Kirill"]
[Result "1/2-1/2"]
[WhiteElo "2180"]
[BlackElo "2484"]
[PlyCount "179"]
[EventDate "2016.11.21"]
[EventType "swiss"]
[EventRounds "10"]
[EventCountry "KAZ"]
[SourceTitle "EXT 2018"]
[Source "ChessBase"]
[SourceDate "2017.10.13"]
[SourceVersion "1"]
[SourceVersionDate "2017.10.13"]
[SourceQuality "1"]

1. e4 e5 2. Nf3 Nc6 3. d4 exd4 4. Nxd4 Bc5 5. Nb3 Bb6 6. Nc3 d6 7. Be2 Nf6 8. 0-0 h6 9. Kh1 0-0 10. a4 a5 11. f3 Re8 12. Bb5 Bd7 13. Re1 Nb4 14. Bxd7 Qxd7 15. Bd2 c6 16. Na2 Nxa2 17. Rxa2 d5 18. e5 Nh7 19. Ra1 Bc7 20. f4 b6 21. Qf3 c5 22. Red1 Rad8 23. Be1 Qf5 24. Rac1 f6 25. Rxd5 fxe5 26. Rxd8 Rxd8 27. fxe5 Qxf3 28. gxf3 Bxe5 29. Bc3 Bxc3 30. bxc3 Ng5 31. Kg2 Ne6 32. c4 Kf7 33. Kf2 Kf6 34. Ke3 Ke5 35. Nd2 Nd4 36. c3 Nf5+ 37. Ke2 Kf4 38. Ra1 Re8+ 39. Kf2 h5 40. Ne4 Re6 41. Ng3 g6 42. Ne2+ Ke5 43. Ng3 Rd6 44. Re1+ Kf4 45. Re4+ Kg5 46. Ke2 Kf6 47. Re8 Re6+ 48. Ne4+ Ke5 49. Rd8 Kf4 50. Kf2 Rc6 51. Rf8 Ke5 52. Rd8 Ke6 53. Rd1 Ke7 54. Ke2 Re6 55. Kf2 Nh6 56. Rd5 Nf7 57. h3 Kf8 58. Ng5 Nxg5 59. Rxg5 Ke7 60. Rd5 Kf6 61. h4 Kg7 62. Rd7+ Kh6 63. Rd5 Rc6 64. Ke2 Kg7 65. Rd7+ Kf6 66. Rd5 Re6+ 67. Kf2 Ke7 68. Rg5 Rd6 69. Ke2 Kf6 70. Rd5 Re6+ 71. Kf2 Ke7 72. Rg5 Rf6 73. Ke3 Rd6 74. Re5+ Kf7 75. Ke2 Rd8 76. Rg5 Kf6 77. Rd5 Re8+ 78. Kf2 Re6 79. Rd8 Kf5 80. Rd5+ Kf4 81. Rd8 Rc6 82. Rf8+ Ke5 83. Re8+ Kf6 84. Rd8 Ke7 85. Rd5 Rc8 86. Ke3 Rc6 87. Ke4 Kf6 88. f4 Re6+ 89. Re5 Rd6 90. Rd5 1/2-1/2

[Event "Wch U16"]
[Site "Oropesa del Mar"]
[Date "2000.10.12"]
[Round "2"]
[White "Bhat, Vinay S"]
[Black "Kvan, Andrey"]
[Result "1-0"]
[WhiteElo "2396"]
[BlackElo "2090"]
[PlyCount "47"]
[EventDate "2000.10.11"]
[EventType "swiss"]
[EventRounds "11"]
[EventCountry "ESP"]
[SourceTitle "EXT 2001"]
[Source "ChessBase"]
[SourceDate "2000.11.22"]
[SourceVersion "1"]
[SourceVersionDate "2000.11.22"]
[SourceQuality "1"]

1. e4 c6 2. d4 d5 3. Nd2 dxe4 4. Nxe4 Nf6 5. Nxf6+ gxf6 6. Nf3 Bg4 7. g3 Nd7 8. Bg2 e6 9. 0-0 Be7 10. c4 Qa5 11. Qb3 Qb6 12. Qc3 Qb4 13. Qc2 Nb6 14. b3 Bf5 15. Qb2 Nd7 16. a3 Qb6 17. Bh6 c5 18. b4 Rc8 19. Nh4 Bd3 20. Rfd1 Bg6 21. dxc5 Nxc5 22. Qd2 Nd3 23. Nxg6 hxg6 24. Be3 1-0

[Event "Wch U16"]
[Site "Oropesa del Mar"]
[Date "2000.10.11"]
[Round "1"]
[White "Kvan, Andrey"]
[Black "Kurenkov, Nikolai"]
[Result "1/2-1/2"]
[WhiteElo "2090"]
[BlackElo "2329"]
[PlyCount "61"]
[EventDate "2000.10.11"]
[EventType "swiss"]
[EventRounds "11"]
[EventCountry "ESP"]
[SourceTitle "EXT 2001"]
[Source "ChessBase"]
[SourceDate "2000.11.22"]
[SourceVersion "1"]
[SourceVersionDate "2000.11.22"]
[SourceQuality "1"]

1. d4 Nf6 2. Nf3 g6 3. Bg5 Bg7 4. Nbd2 0-0 5. e4 d6 6. Bd3 Nbd7 7. 0-0 h6 8. Bh4 Nh5 9. c3 Qe8 10. Bg3 e5 11. Re1 Kh8 12. Qc2 Nf4 13. Bxf4 exf4 14. e5 dxe5 15. Nxe5 Bxe5 16. Nf3 Qe7 17. Nxe5 Nxe5 18. Rxe5 Qf6 19. Qd2 Be6 20. f3 Rad8 21. Qe2 Qg7 22. Rc5 c6 23. Qe5 Bd5 24. Qxg7+ Kxg7 25. Ra5 a6 26. Re1 Rfe8 27. Kf2 Rxe1 28. Kxe1 Re8+ 29. Kf2 f6 30. c4 Bf7 31. Ra3 1/2-1/2